|
|
|
|
| LEADER |
00000nam a22000007a 4500 |
| 005 |
20210716220341.0 |
| 007 |
cr|||| |||| |
| 008 |
210716s2020 co |||||s|||| 00||0 spa d |
| 020 |
|
|
|a 978-958-792-124-3
|
| 035 |
|
|
|a 33344
|
| 040 |
|
|
|a vLex
|
| 090 |
|
|
|c 11855
|d 11855
|
| 100 |
1 |
|
|a Rincn̤ Soto, Carlos Augusto
|
| 245 |
1 |
0 |
|a Contabilidad de propiedad, planta y equipo
|h [Recurso electrn̤ico] :
|b Aspectos contables y tributarios /
|c Carlos Augusto Rincn̤ Soto, Francisco Ricardo Molina Mora, Óscar Marino Bejarano Garca̕, Sheyla Nickeysha Gn̤gora Sinisterra, Bibiana Rendn̤ ℓlvarez
|
| 256 |
|
|
|a Servicio en ln̕ea
|
| 260 |
|
|
|a Bogot:̀
|b Ediciones de la U,
|c 2020
|
| 300 |
|
|
|a 1 recurso electrn̤ico
|
| 500 |
|
|
|a El presente trabajo se origina gracias a la necesidad de establecer de una manera prc̀tica los distintos procedimientos que se requieren para el tratamiento contable de la propiedad, planta y equipo; sin embargo, teniendo en cuenta que esta labor sugiere grandes implicaciones en cuanto a su explicacin̤ conceptual y normativa sobre el tema, el objetivo principal de este estudio es presentar el diseǫ de una serie de flujogramas con un principio de accin̤ didc̀tico que permitan una descripcin̤ clara y eficaz del tema ya mencionado.
|
| 506 |
1 |
|
|a Disponible solo en los productos indicados
|d vLex Global
|d vLex Global (Academic Edition, excluding Law Schools)
|d vLex Global (U.S. Academic Edition, Law Schools)
|d vLex Global (U.S. Academic Edition, excluding Law Schools)
|d vLex Global (Academic Edition, Law Schools)
|
| 650 |
0 |
4 |
|a Contabilidad
|z Colombia
|
| 650 |
0 |
4 |
|a Banca y finanzas
|z Colombia
|
| 700 |
1 |
|
|a Molina Mora, Francisco Ricardo
|
| 700 |
1 |
|
|a Bejarano Garca̕, Óscar Marino
|
| 700 |
1 |
|
|a Gn̤gora Sinisterra, Sheyla Nickeysha
|
| 700 |
1 |
|
|a Rendn̤ ℓlvarez, Bibiana
|
| 740 |
0 |
|
|a vLex Libros (Servicio en ln̕ea)
|
| 856 |
4 |
0 |
|u https://vlex.com/source/contabilidad-de-propiedad-planta-y-equipo-aspectos-contables-y-tributarios-33344
|z Acceso restringido
|
| 942 |
|
|
|c BOOK
|
| 999 |
0 |
|
|a Accounting
|
| 999 |
0 |
|
|a Banking and finance
|